Employability of the graduates of Bachelor of Science in Hotel and Restaurant Management and Associate in Computer Technology S.Y. 2001-2002 to 2002-2003 (Record no. 3956)

MARC details
000 -LEADER
fixed length control field 01375nam a22002777a 4500
003 - CONTROL NUMBER IDENTIFIER
control field OSt
005 - DATE AND TIME OF LATEST TRANSACTION
control field 20250321050045.0
008 - FIXED-LENGTH DATA ELEMENTS--GENERAL INFORMATION
fixed length control field 250307b ||||| |||| 00| 0 eng d
040 ## - CATALOGING SOURCE
Language of cataloging English.
Transcribing agency CvSU-CCAT Campus Library.
Description conventions rda.
050 ## - LIBRARY OF CONGRESS CALL NUMBER
Classification number UM HF 5381
Item number A73 2006
100 ## - MAIN ENTRY--PERSONAL NAME
Personal name Arahan, Reynalin Y., author.
9 (RLIN) 14887
245 ## - TITLE STATEMENT
Title Employability of the graduates of Bachelor of Science in Hotel and Restaurant Management and Associate in Computer Technology S.Y. 2001-2002 to 2002-2003
Statement of responsibility, etc. Reynalin Y. Arahan, Maria Fe B. Buenaflor, and Roze Anne Z. Gonzales
260 ## - PUBLICATION, DISTRIBUTION, ETC.
Place of publication, distribution, etc. Rosario, Cavite :
Name of publisher, distributor, etc. Cavite State University-CCAT Campus,
Date of publication, distribution, etc. 2006
300 ## - PHYSICAL DESCRIPTION
Extent xi, 25 leaves :
Other physical details illustrations ;
Dimensions 28 cm
500 ## - GENERAL NOTE
General note Undergraduate Thesis (BSIE Major in Garments and Foods Technology) -- Cavite State University-CCAT Campus, 2006.
504 ## - BIBLIOGRAPHY, ETC. NOTE
Bibliography, etc. note Includes bibliographical references and appendices.
546 ## - LANGUAGE NOTE
Language note In English text
650 ## - SUBJECT ADDED ENTRY--TOPICAL TERM
Topical term or geographic name entry element College Graduates -- Employment.
9 (RLIN) 10276
650 ## - SUBJECT ADDED ENTRY--TOPICAL TERM
Topical term or geographic name entry element Bachelor of Science in Hotel and Restaurant Management (BSHRM).
9 (RLIN) 15373
650 ## - SUBJECT ADDED ENTRY--TOPICAL TERM
Topical term or geographic name entry element Associate in Computer Technology (ACT).
9 (RLIN) 15374
700 ## - ADDED ENTRY--PERSONAL NAME
Personal name Buenaflor, Maria Fe B., author.
9 (RLIN) 14888
700 ## - ADDED ENTRY--PERSONAL NAME
Personal name Gonzales, Roze Anne Z., author.
9 (RLIN) 14889
700 ## - ADDED ENTRY--PERSONAL NAME
Personal name Ventura, Romulo V., adviser.
9 (RLIN) 14886
942 ## - ADDED ENTRY ELEMENTS (KOHA)
Source of classification or shelving scheme Library of Congress Classification
Koha item type Thesis/Manuscripts/Dissertations
Call number prefix UM
Classification part HF 5381 A73 2006
Holdings
Withdrawn status Lost status Source of classification or shelving scheme Damaged status Not for loan Collection code Home library Current library Shelving location Date acquired Coded location qualifier Full call number Barcode Date last seen Copy number Price effective from Koha item type
    Library of Congress Classification     Thesis/Manuscript/Dissertation Cavite State University - CCAT Campus Cavite State University - CCAT Campus TH 03/20/2007 UM UM HF 5381 A73 2006 T0000334 10/24/2025 1 03/07/2025 Thesis/Manuscripts/Dissertations